00528 2200205 4500001002100000005001700021008004100038035002400079082001100103090002100114100001800135245003700153260003300190300001800223650003300241850001200274980001500286985000600301999001500307YOGYA-0209000006536120090227040427.0 ind  0010-020900000065361 a899.23 a899.23bRun TlT aRUNJON, Damon aTekanan darahcoleh Damon Runjon aJakartabBalai Pustakac1950 a24 hlmc16 cm aRoman - Kesusasteraan melayu aYOPDYOG a15-10-2008 a1 aa000040847